<?xml version="1.0" encoding="UTF-8"?><?xml-stylesheet type="text/xsl" href="static/style.xsl"?><OAI-PMH xmlns="http://www.openarchives.org/OAI/2.0/" xmlns:xsi="http://www.w3.org/2001/XMLSchema-instance" xsi:schemaLocation="http://www.openarchives.org/OAI/2.0/ http://www.openarchives.org/OAI/2.0/OAI-PMH.xsd"><responseDate>2026-04-27T19:54:42Z</responseDate><request verb="GetRecord" identifier="oai:uvadoc.uva.es:10324/70860" metadataPrefix="marc">https://uvadoc.uva.es/oai/request</request><GetRecord><record><header><identifier>oai:uvadoc.uva.es:10324/70860</identifier><datestamp>2024-12-04T13:31:02Z</datestamp><setSpec>com_10324_38</setSpec><setSpec>col_10324_852</setSpec></header><metadata><record xmlns="http://www.loc.gov/MARC21/slim" xmlns:doc="http://www.lyncode.com/xoai" xmlns:xsi="http://www.w3.org/2001/XMLSchema-instance" xmlns:dcterms="http://purl.org/dc/terms/" xsi:schemaLocation="http://www.loc.gov/MARC21/slim http://www.loc.gov/standards/marcxml/schema/MARC21slim.xsd">
<leader>00925njm 22002777a 4500</leader>
<datafield tag="042" ind1=" " ind2=" ">
<subfield code="a">dc</subfield>
</datafield>
<datafield tag="720" ind1=" " ind2=" ">
<subfield code="a">Sanz Morcillo, Andrea</subfield>
<subfield code="e">author</subfield>
</datafield>
<datafield tag="260" ind1=" " ind2=" ">
<subfield code="c">2024</subfield>
</datafield>
<datafield tag="520" ind1=" " ind2=" ">
<subfield code="a">El presente Trabajo de Fin de Grado presenta un estudio acerca de la comunicación en redes&#xd;
sociales del Museo de Arte Contemporáneo Esteban Vicente situado en la capital de Segovia&#xd;
tratando de investigar si se ha adaptado a las nuevas tendencias comunicativas propuestas en&#xd;
especial de Instagram. Para ello se ha realizado una investigación acerca de la competencia,&#xd;
tendencias comunicativas del siglo XXI, público al que se dirige, entre otras variables.&#xd;
Los resultados, entre otros aspectos, derivan en una conclusión en la que se ensalza la&#xd;
importancia comunicativa en las redes museísticas, junto con una propuesta de mejora&#xd;
comunicativa en la red social Instagram.</subfield>
</datafield>
<datafield tag="024" ind2=" " ind1="8">
<subfield code="a">https://uvadoc.uva.es/handle/10324/70860</subfield>
</datafield>
<datafield tag="245" ind1="0" ind2="0">
<subfield code="a">Análisis de la estrategia de comunicación en Instagram del Museo de Arte conntemporáneo Esteban Vicente: nueva propuesta comunicativa</subfield>
</datafield>
</record></metadata></record></GetRecord></OAI-PMH>